000 00621nam a2200229 a 4500
999 _c1577
_d1577
001 1577
003 BD-JhCC
005 20171022090455.0
008 171022s2012 bg |||| || | 000 0 eng d
020 _a9789842002694
035 _a(BD-JhCC)1577
040 _aBD-JhCC
_dBD-JhCC
041 _aeng
082 _a954.92
_bCHO 2012
100 _aChoudhury, Moinul Hossain
245 _aThe Silent Witness by a General /
_cMoinul Hossain Choudhury,
260 _aDhaka :
_bAdron Publication,
_c2012
300 _a142 p. :
_c22 cm.
650 _aPolitics and Government
_zBangladesh
942 _2ddc
_cBK